Normal view
MARC view
- Vallejo, César,
Entry Nombre Personal
001 - NUMERO DE CONTROL
- campo de control: 29478
003 - IDENTIFICADOR DE NUMERO DE CONTROL
- campo de control: UPN
005 - FECHA Y HORA DE LA ÜLTIMA TRANSACCIÓN
- campo de control: 20210219194404.0
008 - DATOS DE LONGITUD FIJA
- campo de control de longitud fija: nabaccnnaabn|||||||||| b |nc|||||d
035 ## - NUMERO DE CONTROL
- Número de control: UPN11000001584
040 ## - FUENTE DE CATALOGACIÓN
- Lenguaje de catalogación: SPA
- Agencia de transcripción: UPN
053 #4 - NÚMERO DE CLASIFICACIÓN LC
- Número de clasificación elemento-número único o número inicial de tramo: PQ8497 V3
100 1# - ENCABEZAMIENTO - NOMBRE PERSONAL
- Nombre personal: Vallejo, César,
- Fechas asociadas con el nombre: 1892-1938
670 ## - FUENTE EN LA QUE SE LOCALIZARON DATOS
- Información localizada: LC
680 ## - NOTA PUBLICA DE ACCESO PÚBLICO
- Encabezamiento o subdivisión: Escritor peruano
902 ## - CATALOGADOR
- Catalogador: DAA/090608
